Japan in transition : One hundred years of modernization
Guardat en:
| Format: | Llibre |
|---|---|
| Idioma: | Undetermined |
| Publicat: |
Tokyo, Japan
Ministry of Foreign Affairs
1972
|
| Matèries: | |
| Etiquetes: |
Afegir etiqueta
Sense etiquetes, Sigues el primer a etiquetar aquest registre!
|
| Thư viện lưu trữ: | Trung tâm Học liệu Trường Đại học Cần Thơ |
|---|
| LEADER | 00536nam a2200193Ia 4500 | ||
|---|---|---|---|
| 001 | CTU_112239 | ||
| 008 | 210402s9999 xx 000 0 und d | ||
| 082 | |a 952.03 | ||
| 082 | |b J36/1972 | ||
| 245 | 0 | |a Japan in transition : | |
| 245 | 0 | |b One hundred years of modernization | |
| 260 | |a Tokyo, Japan | ||
| 260 | |b Ministry of Foreign Affairs | ||
| 260 | |c 1972 | ||
| 650 | |a Japan,Japan | ||
| 650 | |x History,Socioeconomic conditions | ||
| 650 | |y 1856- | ||
| 904 | |i Minh | ||
| 980 | |a Trung tâm Học liệu Trường Đại học Cần Thơ | ||